[Event "Queen City IM Norm 2017"]
[Site "masterchessopen.com Manchester USA"]
[Date "2017.03.26"]
[Round "8.2"]
[White "Kumar,Nikhil"]
[Black "Shmeliov,D"]
[Result "0-1"]
[WhiteElo "2444"]
[BlackElo "2418"]
[EventType "tourn"]

1.d4 d5 2.c4 c6 3.Nf3 Nf6 4.e3 Bf5 5.Nc3 e6 6.Nh4 Bg6 7.Nxg6 hxg6 8.Bd3 Nbd7
9.Qc2 a6 10.h3 b5 11.b3 Be7 12.O-O O-O 13.Rd1 Rc8 14.e4 b4 15.e5 bxc3 16.exf6
Bxf6 17.cxd5 cxd5 18.Bxa6 Rc7 19.Bf4 e5 20.dxe5 Bxe5 21.Be3 Qf6 22.Bb5 d4
23.Bxd7 Rxd7 24.Rd3 Qf5 25.Bc1 Bd6 26.Qd1 Bc5 27.a4 Re8 28.Ba3 Bxa3 29.Rxa3
Rde7 30.Qf3 Re1+ 31.Kh2 Qxf3 {#R} 0-1

[Event "College Final Four 2017"]
[Site "masterchessopen.com New York USA"]
[Date "2017.03.26"]
[Round "3.1"]
[White "Durarbayli,V"]
[Black "Ali Marandi,C"]
[Result "1-0"]
[WhiteElo "2627"]
[BlackElo "2497"]

1.e4 e6 2.d4 d5 3.Nd2 c5 4.Ngf3 Nf6 5.e5 Nfd7 6.c3 Nc6 7.Bd3 g6 8.h4 Qb6 9.h5
Rg8 10.hxg6 hxg6 11.Qa4 Qc7 12.a3 Be7 13.b4 cxd4 14.cxd4 Nxd4 15.Bb2 b5 16.Qd1
Nxe5 17.Nxe5 Qxe5+ 18.Kf1 Qf4 19.g3 Qf6 20.Bxb5+ Kf8 21.Nb3 e5 22.Nxd4 Rh8
23.Rxh8+ Qxh8 24.Kg1 exd4 25.Bc6 Rb8 26.Bxd4 Bf6 27.Bxa7 Bf5 28.Bxb8 Be4 29.f3
Bf5 30.Ra2 Bd4+ 31.Rf2 Bxf2+ 32.Kxf2 Qh2+ 33.Ke3 d4+ 34.Kxd4 Qb2+ 35.Kc5 Qc3+
36.Kb6 Qe3+ 37.Kb7 {#r} 1-0

[Event "College Final Four 2017"]
[Site "masterchessopen.com New York USA"]
[Date "2017.03.26"]
[Round "3.2"]
[White "Baryshpolets,A"]
[Black "Kadric,D"]
[Result "1-0"]
[WhiteElo "2578"]
[BlackElo "2544"]

1.d4 d6 2.Nf3 g6 3.c4 Bg7 4.Nc3 Nd7 5.g3 Nh6 6.Bg5 f6 7.Bxh6 Bxh6 8.h4 e5 9.h5
Kf7 10.e3 Kg7 11.Be2 Re8 12.dxe5 dxe5 13.Qc2 Nc5 14.hxg6 hxg6 15.Rd1 Qe7
16.Nh4 f5 17.Nd5 Qf7 18.Nxg6 Qxg6 19.Bh5 Qc6 20.b4 Rh8 21.bxc5 Bg5 22.f4 Bf6
23.g4 exf4 24.g5 Be5 25.exf4 Qxc5 26.Qe2 Bd4 27.Rxd4 {#r} 1-0

[Event "Budapest Spring Open 2017"]
[Site "masterchessopen.com Budapest HUN"]
[Date "2017.03.26"]
[Round "9.3"]
[White "Kovalev,Vl"]
[Black "Popovic,Du"]
[Result "1-0"]
[WhiteElo "2598"]
[BlackElo "2515"]
[EventType "swiss"]

1.e4 d6 2.d4 Nf6 3.Nc3 e5 4.Nf3 Nbd7 5.Bc4 Be7 6.a4 O-O 7.O-O c6 8.Re1 exd4
9.Nxd4 Ne5 10.Ba2 Re8 11.f4 Ng6 12.Qd3 Qa5 13.Bd2 Qc5 14.b4 Qh5 15.a5 Bd7
16.b5 Rac8 17.a6 bxa6 18.bxc6 Bxc6 19.Nxc6 Rxc6 20.Nd5 Nxd5 21.Bxd5 Rb6
22.Rxa6 Reb8 23.Rxa7 Rb1 24.Ra1 Rxa1 25.Rxa1 Bf6 26.Rf1 Ne7 27.Bb3 Nc6 28.Be3
Qg6 29.Qd5 Rc8 30.e5 dxe5 31.f5 Qh5 32.Qd7 Ne7 33.Bc5 {#r} 1-0

[Event "Budapest Spring Open 2017"]
[Site "masterchessopen.com Budapest HUN"]
[Date "2017.03.26"]
[Round "9.10"]
[White "Onischuk,V"]
[Black "Asadli,Vugar"]
[Result "1-0"]
[WhiteElo "2601"]
[BlackElo "2427"]
[EventType "swiss"]

1.e4 e5 2.Nf3 Nc6 3.Bc4 Bc5 4.d3 Nf6 5.Bb3 d6 6.c3 a6 7.O-O Ba7 8.h3 h6 9.Nbd2
O-O 10.Re1 Nh5 11.Nf1 Qf6 12.Ne3 Nf4 13.Ng4 Qg6 14.Bxf4 exf4 15.d4 Bxg4
16.hxg4 Qxg4 17.a4 Bb6 18.Bd5 a5 19.e5 dxe5 20.Bxc6 bxc6 21.Nxe5 Qf5 22.Nxc6
Kh8 23.Qf3 Rfe8 24.c4 g5 25.c5 {#r} 1-0

[Event "Budapest Spring Open 2017"]
[Site "masterchessopen.com Budapest HUN"]
[Date "2017.03.26"]
[Round "9.12"]
[White "Zanan,E"]
[Black "Mihok,O"]
[Result "0-1"]
[WhiteElo "2435"]
[BlackElo "2516"]
[EventType "swiss"]

1.d4 d5 2.c4 c6 3.Nf3 Nf6 4.e3 Bf5 5.Nc3 e6 6.Nh4 Be4 7.f3 Bg6 8.Qb3 Qc7
9.cxd5 cxd5 10.Bd2 Nc6 11.Nxg6 hxg6 12.O-O-O a6 13.Kb1 Bd6 14.h3 O-O 15.Bd3
Na5 16.Qc2 Rfc8 17.Rc1 Nc4 18.Ne2 b5 19.Bxc4 bxc4 20.e4 e5 21.dxe5 Bxe5 22.f4
d4 23.fxe5 d3 24.Qa4 Nxe4 25.Ba5 Qxe5 26.Nc3 Rab8 27.Ka1 Ng3 28.Rce1 Qd4
29.Rhg1 Ne2 30.Rgf1 Rxb2 31.Kxb2 Rb8+ 32.Ka3 Nxc3 33.Qc6 Nb5+ 34.Ka4 Qb2 {#R}
0-1

[Event "Budapest Spring Open 2017"]
[Site "masterchessopen.com Budapest HUN"]
[Date "2017.03.26"]
[Round "9.13"]
[White "Atabayev,M"]
[Black "Bellia,F"]
[Result "1-0"]
[WhiteElo "2512"]
[BlackElo "2439"]
[EventType "swiss"]

1.e4 c6 2.d4 d5 3.e5 c5 4.dxc5 e6 5.Be3 Nc6 6.f4 d4 7.Bf2 Bxc5 8.a3 Nh6 9.Nd2
O-O 10.Bd3 f6 11.Qh5 fxe5 12.Ngf3 Rxf4 13.Ng5 Rf5 14.h4 Bd7 15.Qe2 g6 16.g4
Rf4 17.Nh3 Rxg4 18.O-O-O Qe7 19.Rdg1 Rxg1+ 20.Rxg1 Kh8 21.Ng5 Nf5 22.Nc4 Qg7
23.b4 Be7 24.b5 Nd8 25.Nxe5 Bxa3+ 26.Kb1 Ne3 27.Nxd7 Qxd7 28.h5 Qd6 29.Be1 Nf5
30.hxg6 hxg6 31.Ne4 Qf4 32.Bd2 Qh4 33.Qg2 {#r} 1-0

[Event "Budapest Spring Open 2017"]
[Site "masterchessopen.com Budapest HUN"]
[Date "2017.03.26"]
[Round "9.22"]
[White "Kobo,Ori"]
[Black "Bakalchuk,Johnatan"]
[Result "0-1"]
[WhiteElo "2501"]
[BlackElo "2382"]
[EventType "swiss"]

1.d4 Nf6 2.c4 g6 3.Nc3 Bg7 4.e4 d6 5.Be2 O-O 6.Be3 e5 7.d5 a5 8.h4 Na6 9.h5
Nc5 10.Qc2 c6 11.h6 Bh8 12.O-O-O cxd5 13.Bxc5 dxc5 14.cxd5 a4 15.Nf3 a3 16.b3
Qa5 17.d6 Be6 18.Bc4 Rad8 19.Bxe6 fxe6 20.Kb1 Nd7 21.Rh3 b5 22.Ng5 Rfe8 23.Qd2
c4 24.Ne2 Qxd2 25.Rxd2 Bf6 26.Nf3 Nc5 27.Ng3 cxb3 28.axb3 Nxb3 29.Rd1 b4
30.Rhh1 Nd4 31.Nxd4 exd4 32.f4 e5 33.f5 Rxd6 34.fxg6 hxg6 35.Rd3 Rc8 36.Rb3 d3
37.Rxb4 d2 38.h7+ Kh8 39.Rd1 Rc1+ 40.Rxc1 a2+ {#R} 0-1

[Event "Budapest Spring Open 2017"]
[Site "masterchessopen.com Budapest HUN"]
[Date "2017.03.26"]
[Round "9.23"]
[White "Reshef,O"]
[Black "Gara,A"]
[Result "1-0"]
[WhiteElo "2466"]
[BlackElo "2355"]
[EventType "swiss"]

1.e4 c5 2.Nf3 e6 3.g3 Nc6 4.Bg2 Nf6 5.Nc3 d5 6.exd5 exd5 7.d4 cxd4 8.Nxd4 Bg4
9.Nde2 Bc5 10.h3 Bf5 11.g4 Bg6 12.Nf4 Qe7+ 13.Qe2 Qxe2+ 14.Ncxe2 Bxc2 15.Bd2
Bb4 16.Rc1 Bxd2+ 17.Kxd2 Be4 18.f3 Bg6 19.h4 h6 20.g5 Nd7 21.Nxd5 O-O-O
22.Ne7+ Kc7 23.Nxc6 bxc6 24.Nf4 Nc5+ 25.Ke2 Rhe8+ 26.Kf2 Rd2+ 27.Kg3 Nd3
28.Nxd3 Bxd3 29.Rhd1 Ree2 30.Bf1 Bg6 31.Bxe2 Rxe2 32.b4 a6 33.a4 Rb2 34.Rd4 f6
35.gxh6 gxh6 36.Re1 Bf5 37.Re7+ Kb6 38.a5+ Kb5 39.Rb7+ Ka4 40.b5+ Kxa5 41.bxc6
Rb5 42.Rxb5+ axb5 43.Rd5 Be6 44.Rd6 {#r} 1-0

[Event "Budapest Spring Open 2017"]
[Site "masterchessopen.com Budapest HUN"]
[Date "2017.03.26"]
[Round "9.25"]
[White "Popovics,A"]
[Black "Lizak,P"]
[Result "0-1"]
[WhiteElo "2385"]
[BlackElo "2453"]
[EventType "swiss"]

1.d4 Nf6 2.c4 e6 3.Nc3 Bb4 4.Bg5 c5 5.d5 h6 6.Bh4 d6 7.e3 exd5 8.cxd5 O-O
9.Bd3 Nbd7 10.Ne2 Ne5 11.O-O Ng6 12.Bg3 Nh5 13.f4 Nxg3 14.Nxg3 f5 15.Qc2 Qf6
16.Kh1 Bd7 17.Bb5 Be8 18.e4 Bxc3 19.Bxe8 Raxe8 20.bxc3 fxe4 21.f5 e3 22.Rae1
Nh4 23.Qa4 e2 24.Rxe2 Rxe2 25.Nxe2 Nxf5 26.Nf4 Ne3 {#R} 0-1

[Event "Budapest Spring Open 2017"]
[Site "masterchessopen.com Budapest HUN"]
[Date "2017.03.26"]
[Round "9.29"]
[White "Bukal,V jr"]
[Black "Primbetov,K"]
[Result "1-0"]
[WhiteElo "2396"]
[BlackElo "2258"]
[EventType "swiss"]

1.d4 Nf6 2.Bg5 e6 3.Nd2 d5 4.e3 h6 5.Bh4 c5 6.c3 Be7 7.Bd3 Nbd7 8.f4 c4 9.Bc2
b5 10.Nh3 Bb7 11.Nf2 Nb6 12.O-O Nfd7 13.Bxe7 Qxe7 14.e4 dxe4 15.Nfxe4 O-O-O
16.a4 f5 17.Ng3 g5 18.Qe2 Qd6 19.axb5 gxf4 20.Nh5 f3 21.Nxf3 Rhg8 22.b3 Bd5
23.bxc4 Nxc4 24.Rxa7 Rg6 25.Bd3 Rdg8 26.g3 Nf6 27.Bxc4 Nxh5 28.Bxd5 Rxg3+
29.Kh1 Qxd5 30.c4 Rh3 31.cxd5 Ng3+ 32.Kg2 Nxe2+ 33.Kf2 Kb8 34.Rfa1 Rxf3+
35.Kxe2 {#r} 1-0

[Event "Budapest Spring Open 2017"]
[Site "masterchessopen.com Budapest HUN"]
[Date "2017.03.26"]
[Round "9.31"]
[White "Horvath,Ad1"]
[Black "Szamoskozi,G"]
[Result "1-0"]
[WhiteElo "2478"]
[BlackElo "2322"]
[EventType "swiss"]

1.e4 c5 2.Nf3 d6 3.d4 cxd4 4.Nxd4 Nf6 5.Nc3 g6 6.Be3 Bg7 7.f3 O-O 8.Qd2 Nc6
9.O-O-O d5 10.Qe1 Be6 11.g4 Ne5 12.g5 Ne8 13.f4 Nc6 14.e5 Nxd4 15.Bxd4 h5
16.gxh6 Bxh6 17.h4 Bxf4+ 18.Kb1 Ng7 19.h5 Nxh5 20.Rxh5 gxh5 21.Be2 Bg4 22.Bxg4
hxg4 23.e6 f5 24.Qh4 Rf6 25.Rh1 Rxe6 26.Qh8+ Kf7 27.Rh7+ {#r} 1-0

[Event "Budapest Spring Open 2017"]
[Site "masterchessopen.com Budapest HUN"]
[Date "2017.03.26"]
[Round "9.32"]
[White "Martynov,Roman"]
[Black "Gajek,R"]
[Result "1-0"]
[WhiteElo "2288"]
[BlackElo "2455"]
[EventType "swiss"]

1.d4 g6 2.Nf3 Bg7 3.g3 c5 4.d5 d6 5.c4 b5 6.cxb5 a6 7.bxa6 Bxa6 8.Nc3 Nf6
9.Bg2 Nbd7 10.Rb1 O-O 11.O-O Qa5 12.Bd2 Ng4 13.Qc2 Rfb8 14.a4 Rb7 15.b3 Rab8
16.h3 Nge5 17.Nxe5 Nxe5 18.Na2 Qd8 19.Bc3 Nd7 20.Bxg7 Kxg7 21.b4 cxb4 22.Nxb4
Bxe2 23.Nc6 Rxb1 24.Nxd8 Bxf1 25.Bxf1 Ne5 26.Kg2 R8b3 27.Bc4 R3b2 28.Qc3 Rb4
29.Ba2 R1b2 30.Nc6 Rb7 31.Bc4 f6 32.a5 Nxc4 33.Qxc4 Rd2 34.Qe4 Ra2 35.h4 Kf8
36.g4 Rbb2 37.Qxe7+ Kg8 38.Qxf6 {#r} 1-0

[Event "Budapest Spring Open 2017"]
[Site "masterchessopen.com Budapest HUN"]
[Date "2017.03.26"]
[Round "9.33"]
[White "Annaberdiev,M"]
[Black "Marosi,Le"]
[Result "1-0"]
[WhiteElo "2445"]
[BlackElo "2287"]
[EventType "swiss"]

1.e4 c6 2.d4 d5 3.Nc3 dxe4 4.Nxe4 Bf5 5.Ng3 Bg6 6.h4 h6 7.Nf3 Nd7 8.h5 Bh7
9.Bd3 Bxd3 10.Qxd3 e6 11.Bd2 Ngf6 12.O-O-O Be7 13.Kb1 Qb6 14.c4 Rd8 15.Ne4 c5
16.d5 Nxe4 17.Qxe4 Nf6 18.Qe1 Qa6 19.dxe6 fxe6 20.Qe2 O-O 21.Rde1 Rd6 22.Bf4
Rb6 23.Bc7 Rc6 24.Be5 Rb6 25.Bc3 Ng4 26.Rh3 Rf4 27.Ne5 Nxe5 28.Bxe5 Rf7 29.Rf3
Rb4 30.Rxf7 Kxf7 31.Qd3 Bf8 32.Qg6+ Kg8 33.Bc3 Rb6 34.Re4 Qa4 35.b3 Rxb3+
36.axb3 Qxb3+ 37.Bb2 Qd1+ 38.Bc1 Qb3+ 39.Ka1 Qa4+ 40.Kb2 Qb4+ 41.Kc2 Qa4+
42.Kd2 Qa2+ 43.Ke1 {#r} 1-0

[Event "Budapest Spring Open 2017"]
[Site "masterchessopen.com Budapest HUN"]
[Date "2017.03.26"]
[Round "9.40"]
[White "Orosz,Andras"]
[Black "Magen,Daniel"]
[Result "1-0"]
[WhiteElo "2325"]
[BlackElo "2144"]
[EventType "swiss"]

1.e4 c5 2.Nf3 d6 3.d4 cxd4 4.Nxd4 Nf6 5.f3 g6 6.c4 Bg7 7.Nc3 O-O 8.Be3 Nc6
9.Qd2 Bd7 10.Be2 Nxd4 11.Bxd4 Bc6 12.O-O Ne8 13.Be3 f5 14.exf5 gxf5 15.Rac1 e6
16.Rfd1 Qe7 17.b4 b6 18.a3 Qf7 19.b5 Bb7 20.a4 f4 21.Bf2 Be5 22.a5 bxa5 23.c5
d5 24.Na4 Bc7 25.Bf1 Ng7 26.c6 Bc8 27.Bc5 Rd8 28.Qf2 Bd6 29.Qh4 Bxc5+ 30.Nxc5
Re8 31.Bd3 h5 32.Qg5 Qc7 33.Qg6 Qe5 34.Qh7+ Kf8 35.Bg6 Rd8 36.c7 Rd6 37.Ne4
Rd7 38.Qh8+ Ke7 39.Qg8 Rxc7 40.Rxc7+ Qxc7 41.Qxg7+ {#r} 1-0

[Event "Baltic Zonal Vilnius 2017"]
[Site "masterchessopen.com Vilnius LTU"]
[Date "2017.03.26"]
[Round "8.4"]
[White "Kulaots,K"]
[Black "Brazdzionis,A"]
[Result "1-0"]
[WhiteElo "2582"]
[BlackElo "2288"]

1.d4 Nf6 2.c4 e6 3.Nf3 d5 4.Nc3 Bb4 5.Qb3 c5 6.cxd5 exd5 7.dxc5 Na6 8.Bg5 h6
9.Bxf6 Qxf6 10.e3 Bxc3+ 11.bxc3 Nxc5 12.Bb5+ Bd7 13.Bxd7+ Nxd7 14.Nd4 Qg5
15.O-O O-O 16.Qxb7 Nc5 17.Qb5 Ne4 18.Rac1 Rfc8 19.Rc2 Rc7 20.h3 Rac8 21.Rfc1
Rc4 22.Qa5 R8c7 23.Rb1 Nxc3 24.Rb3 R7c5 25.Qxa7 Qh5 26.Qd7 Qe5 27.Nf3 Qe6
28.Qxe6 fxe6 29.Ne5 {#r} 1-0

[Event "Baltic Zonal Vilnius 2017"]
[Site "masterchessopen.com Vilnius LTU"]
[Date "2017.03.26"]
[Round "8.6"]
[White "Miezis,N"]
[Black "Sirosh,Ilja"]
[Result "1-0"]
[WhiteElo "2497"]
[BlackElo "2283"]

1.c4 c6 2.Nf3 d5 3.e3 Nf6 4.b3 Bf5 5.Bb2 e6 6.Be2 Nbd7 7.cxd5 cxd5 8.Nc3 Be7
9.Nh4 Bg6 10.O-O O-O 11.Nxg6 hxg6 12.d4 Nb8 13.Rc1 Nc6 14.Na4 Bd6 15.Nc5 Qe7
16.a3 Rfc8 17.Bb5 a6 18.Be2 e5 19.Re1 e4 20.g3 Nd8 21.b4 Ne6 22.Kg2 g5 23.Qb3
g6 24.Rh1 Kg7 25.a4 Rh8 26.h3 Rad8 27.a5 Nh5 28.Bxh5 Rxh5 29.Qxd5 g4 30.Nxe6+
fxe6 31.Qxe4 gxh3+ 32.Rxh3 Rxh3 33.Kxh3 Kf7 34.Kg2 Rh8 35.Qf3+ Kg7 36.d5+ e5
37.Qe4 Rh5 38.Rh1 Rf5 39.Qh4 Qxh4 40.Rxh4 {#r} 1-0

[Event "Baltic Zonal Vilnius 2017"]
[Site "masterchessopen.com Vilnius LTU"]
[Date "2017.03.26"]
[Round "8.8"]
[White "Krupenski,Y"]
[Black "Meskovs,N"]
[Result "0-1"]
[WhiteElo "2426"]
[BlackElo "2490"]

1.e4 e5 2.Nf3 Nc6 3.d4 exd4 4.Nxd4 Bc5 5.Nxc6 Qf6 6.Qf3 dxc6 7.Bc4 Qg6 8.h3
Nf6 9.Nc3 Be6 10.Bd3 Nd7 11.Bf4 Bd4 12.Bxc7 Ne5 13.Bxe5 Bxe5 14.O-O Qg5
15.Rfe1 O-O-O 16.Nd1 h5 17.Ne3 Bxb2 18.Rad1 Bc3 19.Rf1 Qc5 20.a4 Rd4 21.Kh1
Rxa4 22.Qe2 g5 23.f4 gxf4 24.Rxf4 Qg5 25.Rf5 Bxf5 26.Nxf5 Be5 27.Bc4 Rd8 {#R}
0-1

[Event "Baltic Zonal Vilnius 2017"]
[Site "masterchessopen.com Vilnius LTU"]
[Date "2017.03.26"]
[Round "8.11"]
[White "Stauskas,Lukas"]
[Black "Kanep,M"]
[Result "1-0"]
[WhiteElo "2272"]
[BlackElo "2481"]

1.d4 Nf6 2.c4 g6 3.Nc3 Bg7 4.Nf3 O-O 5.Bg5 d6 6.e3 h6 7.Bh4 Nbd7 8.Be2 g5
9.Bg3 Nh5 10.Qc2 e6 11.Nd2 Nxg3 12.hxg3 f5 13.O-O-O c5 14.dxc5 dxc5 15.g4 Nb6
16.f4 Qe7 17.Nf3 gxf4 18.exf4 fxg4 19.Ne5 Rxf4 20.Ng6 Qg5 21.Nxf4 Qxf4+ 22.Kb1
Bd7 23.Rdf1 Qe5 24.Re1 Qd4 25.Rd1 Qf4 26.Rhf1 Qg5 27.Qe4 Qe5 28.Qxg4 Rf8
29.Rxf8+ Kxf8 30.Rf1+ Ke7 31.Qh4+ Qg5 32.Qxg5+ hxg5 33.Ne4 Bc6 34.Nxc5 Bd4
35.Nb3 Be4+ 36.Ka1 Bf6 37.Rf2 Be5 38.Nd2 Bg6 39.Bd1 Bd4 40.Rf3 Bh5 41.Rd3
Bxb2+ 42.Kxb2 Bxd1 43.Kc3 Ba4 44.Rg3 Kf6 45.Nf3 Bc6 46.Nxg5 Na4+ 47.Kb4 b6
48.Nxe6 a5+ 49.Ka3 {#r} 1-0

[Event "11th ch-SRB 2017"]
[Site "masterchessopen.com Kragujevac SRB"]
[Date "2017.03.26"]
[Round "4.1"]
[White "Irizanin,R"]
[Black "Radovanovic,Mihajlo"]
[Result "1-0"]
[WhiteElo "2348"]
[BlackElo "2357"]

1.a3 Nf6 2.c4 g6 3.Nc3 Bg7 4.g3 O-O 5.Bg2 e5 6.Nf3 d6 7.d4 Nbd7 8.O-O Re8
9.dxe5 dxe5 10.Qc2 c6 11.Rd1 Qe7 12.e4 a5 13.h3 Nb6 14.c5 Nbd7 15.Na4 Nf8
16.Nb6 Ra7 17.Be3 N6d7 18.Nc4 Ne6 19.b4 axb4 20.axb4 Rxa1 21.Rxa1 Rd8 22.Ra8
Nc7 23.Ra1 Nb5 24.Rd1 f6 25.Qd2 Re8 26.Bf1 Bf8 27.Kh2 Kh8 28.Nh4 Qe6 29.Nd6
Nxd6 30.cxd6 Rd8 31.Bh6 Bxh6 32.Qxh6 Nf8 33.Kg1 Kg8 34.Qd2 Bd7 35.Qc3 Kg7
36.Qc5 Qb3 37.Ra1 Ne6 38.Qb6 Bc8 39.Ra8 Qd1 40.Rxc8 {#r} 1-0

[Event "11th ch-SRB 2017"]
[Site "masterchessopen.com Kragujevac SRB"]
[Date "2017.03.26"]
[Round "4.2"]
[White "Ivanisevic,I"]
[Black "Milanovic,Da"]
[Result "1-0"]
[WhiteElo "2630"]
[BlackElo "2502"]

1.e4 d5 2.exd5 Qxd5 3.Nc3 Qd6 4.d4 Nf6 5.Nf3 a6 6.g3 g6 7.Bf4 Qd8 8.Bg2 Bg7
9.Qd2 O-O 10.Bh6 Nc6 11.d5 Nb4 12.O-O-O c6 13.Bxg7 Kxg7 14.dxc6 Qa5 15.a3 Nxc6
16.Nd4 Bg4 17.Rde1 Nxd4 18.Qxd4 Be6 19.Re5 Qc7 20.Rc5 Qb8 21.Ne4 Rd8 22.Qc3 b6
23.Rc7 Bd5 24.Rxe7 Bxe4 25.Rxe4 Ra7 26.Rc4 b5 27.Rc6 Rd6 28.Rxd6 Qxd6 29.Rd1
Qe6 30.b4 Re7 31.Kb2 Qf5 32.Bf3 h5 33.Rd6 Re6 34.Rxe6 Qxe6 35.Qd4 Kh7 36.h3
Nd7 37.Bd5 Qd6 38.c3 Qe7 39.Qe3 Ne5 40.Kc2 Qd6 41.Qe4 Qf6 42.f4 Nd7 43.Qe8
{#r} 1-0

[Event "90th ch-St Petersburg"]
[Site "masterchessopen.com St Petersburg RUS"]
[Date "2017.03.26"]
[Round "9.2"]
[White "Pershin,Denis"]
[Black "Saveliev,Alexei"]
[Result "1-0"]
[WhiteElo "2306"]
[BlackElo "2362"]

1.d4 d5 2.Nc3 g6 3.Bf4 c6 4.e4 dxe4 5.Nxe4 Bg7 6.c3 Nh6 7.Qd2 Nf5 8.Nf3 O-O
9.Bd3 Na6 10.Bxa6 bxa6 11.Nc5 Nd6 12.O-O Qb6 13.Qe2 Bg4 14.b3 Nb5 15.Rac1 Rfe8
16.h3 Bxf3 17.Qxf3 Rad8 18.Rfe1 Nd6 19.Be5 f6 20.Bxd6 Rxd6 21.Re6 Rxe6 22.Nxe6
a5 23.Re1 a4 24.bxa4 Bh6 25.a5 Qxa5 26.Qxc6 Rb8 27.Qc4 Kh8 28.Nc5 e5 29.Nd7
Rd8 30.Nxf6 Bg7 31.dxe5 Qb6 32.Qh4 h6 33.e6 g5 34.Qh5 {#r} 1-0

[Event "90th ch-St Petersburg"]
[Site "masterchessopen.com St Petersburg RUS"]
[Date "2017.03.26"]
[Round "9.3"]
[White "Alekseev,Evgeny"]
[Black "Duzhakov,I"]
[Result "1-0"]
[WhiteElo "2618"]
[BlackElo "2424"]

1.c4 e5 2.Nc3 Nf6 3.Nf3 Nc6 4.d3 d5 5.cxd5 Nxd5 6.e3 Be7 7.Be2 O-O 8.O-O Be6
9.Bd2 Nb6 10.a3 a5 11.b3 f5 12.Bc1 Bf6 13.Bb2 Qd7 14.Qc2 Rac8 15.Rfe1 g5
16.Bf1 Qf7 17.Nd2 Ne7 18.g3 Bd7 19.Nc4 Nxc4 20.bxc4 Bg7 21.Rad1 c5 22.Nb5 Rc6
23.d4 cxd4 24.exd4 e4 25.c5 Rh6 26.Bc4 Be6 27.Nd6 Qg6 28.d5 Qh5 29.f3 Bxb2
30.Qxb2 exf3 31.dxe6 f4 32.Nf7 {#r} 1-0

[Event "ch-ROU 2017"]
[Site "masterchessopen.com Calimanesti-Caciulata ROU"]
[Date "2017.03.26"]
[Round "2.1"]
[White "Toma,Ra"]
[Black "Lupulescu,C"]
[Result "0-1"]
[WhiteElo "2378"]
[BlackElo "2620"]

1.d4 Nf6 2.Nf3 e6 3.c4 b6 4.e3 Bb7 5.Bd3 c5 6.O-O Be7 7.Nc3 a6 8.b3 d6 9.Bb2
Nbd7 10.Qe2 O-O 11.Rfd1 cxd4 12.exd4 Re8 13.a4 Bf8 14.Ba3 Qc7 15.Ne4 Nxe4
16.Bxe4 d5 17.cxd5 Bxa3 18.Rxa3 Nf6 19.d6 Qxd6 20.Bxb7 Qxa3 21.Bxa8 Rxa8
22.Qc4 Qd6 23.Ne5 Nd5 24.Rc1 f6 25.Ng4 Ra7 26.Ne3 Rc7 27.Qf1 Rxc1 28.Qxc1 Qc7
29.Qxc7 Nxc7 30.Kf1 Kf7 31.Ke2 Ke7 32.Kd3 Kd6 33.f4 Kc6 34.f5 exf5 35.Nxf5 g6
36.Ne3 Nd5 37.g4 Nxe3 38.Kxe3 Kd5 39.h4 h5 40.gxh5 gxh5 41.b4 Kc4 42.Ke4 Kxb4
43.Kd5 Kc3 44.a5 b5 {#R} 0-1

[Event "ch-ROU 2017"]
[Site "masterchessopen.com Calimanesti-Caciulata ROU"]
[Date "2017.03.26"]
[Round "2.2"]
[White "Parligras,M"]
[Black "Posedaru,B"]
[Result "1-0"]
[WhiteElo "2601"]
[BlackElo "2338"]

1.d4 d5 2.c4 e6 3.Nf3 Nf6 4.Nc3 c6 5.e3 a6 6.c5 b6 7.cxb6 Nbd7 8.Bd2 Nxb6
9.Rc1 c5 10.Bd3 c4 11.Bb1 Bb7 12.O-O Bd6 13.Ne5 O-O 14.f4 Ne8 15.Be1 g6 16.Rf3
f5 17.g4 Ng7 18.Rh3 Nd7 19.Bh4 Qc7 20.Rc2 Nf6 21.gxf5 exf5 22.Rg2 Ne4 23.Bxe4
fxe4 24.Nxg6 hxg6 25.Rxg6 Rf7 26.Qh5 Bxf4 27.Bf6 Bxe3+ 28.Kg2 {#r} 1-0

[Event "ch-ROU 2017"]
[Site "masterchessopen.com Calimanesti-Caciulata ROU"]
[Date "2017.03.26"]
[Round "2.3"]
[White "Bonte,An"]
[Black "Deac,Bogdan-Daniel"]
[Result "0-1"]
[WhiteElo "2325"]
[BlackElo "2584"]

1.d4 Nf6 2.c4 e6 3.Nf3 b6 4.g3 Ba6 5.b3 b5 6.Bg2 bxc4 7.Ne5 Bb4+ 8.Kf1 d5
9.bxc4 c6 10.Qa4 Qa5 11.Qxa5 Bxa5 12.Bd2 Bb6 13.c5 Bd8 14.Nc3 Nfd7 15.Nf3 Bc4
16.h4 Na6 17.Bf4 Nb4 18.Kg1 Bf6 19.e4 Nd3 20.Bg5 Rb8 21.exd5 cxd5 22.Bf1 Ke7
23.c6 Nb6 24.Nd2 Rhc8 25.Nxc4 dxc4 26.Bg2 Nb4 27.Nb5 N6d5 28.Bxf6+ gxf6
29.Nxa7 Rc7 30.a3 Nd3 {#R} 0-1

[Event "ch-ROU 2017"]
[Site "masterchessopen.com Calimanesti-Caciulata ROU"]
[Date "2017.03.26"]
[Round "2.4"]
[White "Istratescu,A"]
[Black "Vrencian,Lehel"]
[Result "1-0"]
[WhiteElo "2579"]
[BlackElo "2296"]

1.d4 Nf6 2.c4 e6 3.Nf3 b6 4.a3 Ba6 5.Qb3 c5 6.d5 exd5 7.cxd5 d6 8.Nc3 Be7 9.g3
O-O 10.Bg2 b5 11.O-O Qb6 12.Re1 Nbd7 13.e4 Ng4 14.Qc2 Bf6 15.h3 Nge5 16.Nxe5
Nxe5 17.f4 Nd7 18.Be3 Bd4 19.Bxd4 cxd4 20.Na2 Rac8 21.Qf2 Rc7 22.Rad1 Rfc8
23.Qxd4 Qxd4+ 24.Rxd4 f6 25.Bf1 Rc5 26.a4 Nb8 27.Nb4 Rc1 28.Rdd1 {#r} 1-0

[Event "ch-ROU 2017"]
[Site "masterchessopen.com Calimanesti-Caciulata ROU"]
[Date "2017.03.26"]
[Round "2.7"]
[White "Gilea,L"]
[Black "Miron,L"]
[Result "0-1"]
[WhiteElo "2255"]
[BlackElo "2502"]

1.d4 Nf6 2.Nf3 e6 3.c4 Bb4+ 4.Nbd2 d6 5.a3 Bxd2+ 6.Bxd2 Nbd7 7.g3 b6 8.Bg2 Bb7
9.O-O O-O 10.Bc3 Qe7 11.b4 Rac8 12.Rc1 Rfd8 13.Ne1 Bxg2 14.Nxg2 c5 15.dxc5
bxc5 16.b5 d5 17.cxd5 exd5 18.e3 Ne5 19.Nh4 Qe6 20.Nf3 d4 21.exd4 cxd4 22.Nxe5
dxc3 23.Qe1 Re8 24.f4 Qb3 25.Rf3 Nd5 26.Qd1 Qxb5 27.Rd3 Qc5+ 28.Kh1 c2 29.Qh5
g6 30.Qh4 Re6 31.Qh3 Nf6 32.Qg2 Rb6 33.Qd2 Rb1 34.Kg2 Kg7 35.Qe1 Rxc1 36.Qxc1
Ne4 37.Rd7 Nd6 38.Kh3 Qd5 {#R} 0-1

[Event "ch-ROU 2017"]
[Site "masterchessopen.com Calimanesti-Caciulata ROU"]
[Date "2017.03.26"]
[Round "2.8"]
[White "Manolache,M"]
[Black "Ionescu,M"]
[Result "1-0"]
[WhiteElo "2496"]
[BlackElo "2274"]

1.d4 d6 2.Nf3 Nf6 3.Nc3 Nbd7 4.Bf4 c6 5.e4 Qa5 6.e5 Ne4 7.exd6 Nxc3 8.bxc3
Qxc3+ 9.Bd2 Qa3 10.Bc4 Nb6 11.Bb3 e6 12.c4 c5 13.dxc5 Qxc5 14.O-O Bxd6 15.Be3
Qa3 16.Qd4 e5 17.Nxe5 O-O 18.c5 Bxe5 19.Qxe5 Nd7 20.Qc3 Qa6 21.Rad1 Qf6 22.Bd4
Qh6 23.Rfe1 Nf6 24.h3 Be6 25.Bxe6 fxe6 26.Rxe6 Rad8 27.Qb3 Rf7 28.Rde1 Qf4
29.Bxf6 gxf6 30.Re7 Rf8 31.R1e3 {#r} 1-0

[Event "ch-ROU 2017"]
[Site "masterchessopen.com Calimanesti-Caciulata ROU"]
[Date "2017.03.26"]
[Round "2.11"]
[White "Costachi,M"]
[Black "Banzea,Alexandru-Bogdan"]
[Result "1-0"]
[WhiteElo "2460"]
[BlackElo "2232"]

1.d4 Nf6 2.c4 g6 3.Nc3 d5 4.cxd5 Nxd5 5.e4 Nxc3 6.bxc3 Bg7 7.Nf3 c5 8.Be3 Bg4
9.Qd2 Nd7 10.Be2 Qa5 11.Rc1 O-O 12.d5 c4 13.O-O Nc5 14.Qc2 Rac8 15.Bxc4 Na4
16.Qb3 Nxc3 17.Bd3 Nxa2 18.Rxc8 Bxc8 19.e5 Qc3 20.Bc4 Qxb3 21.Bxb3 Nc3 22.Bxa7
Rd8 23.Bb6 Rd7 24.d6 exd6 25.e6 Re7 26.exf7+ Kf8 27.Ng5 Re5 28.f4 Rb5 29.Re1
{#r} 1-0